000 00418nam a2200157Ia 4500
008 240729s9999 xx 000 0 und d
022 _a1845-9757
245 0 _aFinancial Theory and Practice
260 _aCroatia
260 _bInstitute of Public Finance
650 _a Finance
650 _aSocial Sciences
856 _uhttps://doaj.org/toc/969f4ea2888b4d7cbd6685a6708acdf5
942 _2ddc
942 _cDOAJEJ
999 _c70934
_d70934
945 _a1
_bMadushi Gamage
_c1
_dMadushi Gamage